| 000 | 00523nam a2200157 i 4500 | ||
|---|---|---|---|
| 001 | 134205 | ||
| 003 | ES-MaACL | ||
| 005 | 20230906194625.0 | ||
| 007 | t| | ||
| 008 | 070906s1911 sp ||||1| spa d | ||
| 100 | 1 |
_aXalabarder y Serra, Eduardo. _9117486 |
|
| 245 | 1 | 0 |
_aEstudio sobre las epidemia del cólera morbo asiático y sus medios profilácticos / _cEduardo Xalabarder y Serra. |
| 260 |
_aBarcelona : _bImp. Orero & Gilabert, _c1911. |
||
| 650 | 4 |
_aCólera- _xTratamiento. _9157013 |
|
| 852 |
_aES-MaACL _jT-1249-F-6 |
||
| 999 |
_c134205 _d134205 |
||